The book of mind benders
| Main Author: | |
|---|---|
| Format: | Book |
| Published: |
London :
Kingfisher Books ,
1991
|
| Subjects: |
MARC
| LEADER | 00000cam a2200000 7i4500 | ||
|---|---|---|---|
| 001 | 0000004050 | ||
| 002 | 000004360 | ||
| 005 | 20000330.0 | ||
| 020 | |a 1856971392 | ||
| 090 | 0 | 0 | |a 793.73 |b HAL |
| 100 | 1 | |a Hall, Godfery | |
| 245 | 1 | 4 | |a The book of mind benders |c Godfery Hall |
| 260 | |a London : |b Kingfisher Books , |c 1991 | ||
| 300 | |a 93 p. : |b ill. ; |c 28 cm. | ||
| 650 | 0 | 0 | |a Puzzles |
| 999 | |a 037264 |b BUKU |c PINJAMAN |e PERPUSTAKAAN KOMUNITI PETALING JAYA | ||